00727nam a2200229Ia 4500003000400000005001700004008004100021020001800062040001800080041000800098082001800106100002100124245009300145250001200238260005500250300002800305650003400333650004300367650004100410700002200451700002400473OSt20240927110955.0210716s2016 xx 000 0 und d a9788120352285 cAIMIT LIBRARY aeng a382 21bDANJ aDaniels, John D. aGlobalization and business /cBy John D Daniels, Lee H Raderbaugh and Daniel P Sullivan. a1st ed. aNew Delhi :bPHI Learning private limited ,c2016. axiii,399p. ;bPBc24 cm aOperational objects and means aManaging the international value chain aControlling international operations aRadebaugh, Lee H. aSullivan, Daniel P.